000 00481nam a2200181Ia 4500
001 22337
005 20260414150824.0
008 260414t2015||||xx |||||||||||||| ||spa||
041 _aESP
082 _a621.3191
_bB95
100 _aBush, Stephen F.
_eAUT
245 0 _aSmart grid :
_bcommunication-enabled intelligence for the electric power grid
260 _c2015
300 _axxxii, 538 páginas :
_c25 cm.
650 _aTCA
654 _aCET
942 _cLIB
_dJUS
_fJUS
_2ddc
_n
999 _c22337
_d22337